[Event "EYg18"]
[Site "Budva YUG"]
[Date "2003.09.21"]
[Round "8"]
[White "Gutsko,A"]
[Black "Bronnikova,E"]
[Result "1/2-1/2"]
[WhiteElo "2184"]
[BlackElo "2271"]

1.e4 d6 2.d4 Nf6 3.Nc3 c6 4.f4 Qa5 5.Bd3 Nbd7 6.Nf3 e5 7.O-O Be7 8.a3 O-O
9.b4 Qc7 10.Ne2 Re8 11.Bb2 Bf8 12.dxe5 dxe5 13.Nxe5 Nxe5 14.Bxe5 Qb6+ 15.Kh1 Ng4
16.Bd4 c5 17.Bg1 Qh6 18.c3 Rd8 19.Qc2 Be6 20.e5 cxb4 21.axb4 Rac8 22.Rf3 g6
23.Rh3 Nf2+ 24.Bxf2 Bxh3 25.gxh3 Qxh3 26.Be4 Bxb4 27.Bg2 Qd7 28.Qb3 Bc5 29.Bh4 Re8
30.Ng3 Bf2 31.Bf6 Bxg3 32.hxg3 b6 33.Kh2 Rc5 34.Rd1 Qc7 35.Rd3 a6 36.Bh3 Rc4
37.Bd7 Qc5 38.Kg2 Rb8 39.e6 b5 40.e7 Re4 41.Qd1 Rxe7 42.Bxe7 Qxe7 43.Bc6 Qf6
44.Bf3 a5 45.Qb3 a4 46.Qa2 b4 47.cxb4 Rxb4 48.Rd2 h5 49.Qd5 h4 50.Qd8+ Kg7
51.Qxf6+ Kxf6 52.Rd5 hxg3 53.Kxg3 Rb3 54.Ra5 a3 55.Kg4 Rc3 56.Bd5 Rd3 57.Ba2 Rd7
58.Rxa3 Rc7 59.Ra6+ Kg7 60.Bd5 Rd7 61.Bc4 Re7 62.Bb5 Rb7 63.Bc6 Re7 64.Kg5 Rc7
65.Rb6 Rc8 66.Bf3 Rc5+ 67.Kg4 Rc7 68.Rb7 Rc5 69.Be4 Kg8 70.Bb1 Kg7 71.Ba2 Rf5
72.Be6 Rf6 73.Bd7 Rd6 74.Ba4 Ra6 75.Bb3 Rf6 76.Rc7 Kf8 77.Bd5 Kg7 78.Rc6 Rf5
79.Be4 Ra5 80.Rc7 Ra6 81.Bc6 Ra5 82.Rd7 Rf5 83.Be4 Rf6 84.Kg5 Rb6 85.Rc7 Rb5+
86.Kg4 Ra5 87.Rd7 Ra6 88.Rc7 Ra5 89.Bc2 Rb5 90.Rc6 Ra5 91.Bb3 Ra7 92.Rd6 Rc7
93.Bd5 Ra7 94.Kg5 Rc7 95.Bc6 Ra7 96.Rd7 Ra6 97.Rc7 Ra5+ 98.Kg4 Rf5 99.Be4 Ra5
100.Rd7 Ra6 101.Kg5 Rf6 102.f5 gxf5 103.Bxf5 Rb6 104.Rd1 Rb5 105.Rh1 Rb6
106.Rh7+ Kf8 107.Be4 Ke7 108.Kf5 Rb5+ 109.Kf4 Rb6 110.Bd5 Rf6+ 111.Ke5 Rf1  1/2-1/2

[Event "ECC"]
[Site "Rethymnon GRE"]
[Date "2003.09.28"]
[Round "1"]
[White "Petsetidi,M"]
[Black "Stojanovski,D"]
[Result "0-1"]
[WhiteElo "2011"]
[BlackElo "2440"]

1.e4 d6 2.d4 Nf6 3.Nc3 e5 4.dxe5 dxe5 5.Bg5 Qxd1+ 6.Rxd1 Bb4 7.Bb5+ c6 8.Bc4 Nbd7
9.f3 b5 10.Bf1 Nb6 11.a3 Bc5 12.f4 Be6 13.h3 Nfd7 14.f5 Bc4 15.b3 Bxf1 16.Kxf1 Bxa3
17.Nf3 f6 18.Be3 Ke7 19.g4 a5 20.g5 Bc5 21.Bxc5+ Nxc5 22.Rg1 Rhg8 23.Ke2 b4
24.Nb1 Nxe4 25.h4 Nd5  0-1

[Event "ECC"]
[Site "Rethymnon GRE"]
[Date "2003.09.29"]
[Round "2"]
[White "Makoli,P"]
[Black "Gulbas,C"]
[Result "0-1"]
[WhiteElo "2236"]
[BlackElo "2340"]

1.e4 d6 2.d4 Nf6 3.Nc3 Nbd7 4.Be3 e5 5.Nf3 c6 6.h3 b5 7.a3 a6 8.Bd3 Be7 9.O-O O-O
10.Ne2 Bb7 11.Ng3 exd4 12.Bxd4 c5 13.Bxf6 Bxf6 14.c3 g6 15.Nh2 Re8 16.Ng4 Bg7
17.Qd2 h5 18.Ne3 h4 19.Nh1 Nf6 20.f3 Bh6 21.Qf2 Nh5 22.Rfe1 Nf4 23.Bc2 Qg5
24.Kf1 Re6 25.Rad1 Rae8 26.Ng4 Bf8 27.g3 hxg3 28.Qxg3 Nh5 29.Qg2 d5 30.Ngf2 Qh6
31.Ng3 Nf4 32.Nf5 Nxg2 33.Nxh6+ Bxh6 34.Kxg2 f5 35.Nd3 dxe4 36.Nxc5 exf3+
37.Kf1 Rxe1+ 38.Rxe1 Rxe1+ 39.Kxe1 Ba8 40.Kf2 Bf8 41.Nxa6 Bb7 42.Nc7 Bc5+
43.Kf1 Kf7 44.Nxb5 Kf6 45.Nd4 Ke5 46.Bd1 Bxd4 47.cxd4+ Kf4 48.Bc2 Ke3  0-1

[Event "Tatry Open"]
[Site "Tatranske Zruby SVK"]
[Date "2003.09.29"]
[Round "3"]
[White "Pinter,E"]
[Black "Klemanic,E"]
[Result "0-1"]
[WhiteElo "2411"]
[BlackElo "2256"]

1.e4 d6 2.d4 Nf6 3.Nc3 e5 4.dxe5 dxe5 5.Qxd8+ Kxd8 6.Bg5 Nd7 7.Bc4 Ke8 8.Nb5 Bd6
9.f3 a6 10.Nxd6+ cxd6 11.Ne2 Nb6 12.Bb3 Be6 13.Ng3 h6 14.Be3 Nbd7 15.O-O-O Ke7
16.Rd3 Nc5 17.Bxc5 dxc5 18.Bd5 Rab8 19.c4 g6 20.Rhd1 Rhd8 21.Nh1 b5 22.Bxe6 Rxd3
23.Rxd3 Kxe6 24.Nf2 b4 25.Kc2 Ke7 26.Kb3 Rb6 27.Ng4 Nxg4 28.fxg4 Rc6 29.Ka4 Kf6
30.Rf3+ Ke7 31.Rh3 Rd6 32.Ka5 Rd4 33.Re3 Rxc4 34.Re2 Kd6 35.Kxa6 Kc6 36.Ka5 b3
37.axb3 Rc1  0-1

[Event "1st ch-Mediterranean"]
[Site "Beruit LIB"]
[Date "2003.10.01"]
[Round "5"]
[White "Bengherabi,K"]
[Black "Papatryfonos,C"]
[Result "0-1"]
[WhiteElo "2170"]
[BlackElo "2112"]

1.e4 d6 2.d4 Nf6 3.Nc3 c6 4.Be3 Qa5 5.Qd2 e5 6.f3 Be6 7.a3 a6 8.g4 c5 9.d5 Bc8
10.Nge2 h6 11.Ng3 g6 12.h4 b5 13.Be2 Bg7 14.Kf2 Ng8 15.b4 Qb6 16.a4 Nd7 17.axb5 Qb8
18.bxc5 Nxc5 19.Bxc5 dxc5 20.bxa6 Ne7 21.Rhb1 Qd6 22.Nb5 Qd8 23.d6 O-O 24.Qc3 Nc6
25.Qxc5 Nd4 26.Nc7 Ne6 27.Qd5 Ra7 28.Nxe6 Bxe6 29.Qc6 Qxh4 30.Kg2 f5 31.exf5 gxf5  0-1

[Event "ECC"]
[Site "Rethymnon GRE"]
[Date "2003.10.01"]
[Round "4"]
[White "Glek,I"]
[Black "Scekic,M"]
[Result "1-0"]
[WhiteElo "2566"]
[BlackElo "2434"]

1.e4 c6 2.d4 d6 3.Nc3 Nf6 4.f4 Qa5 5.Bd3 d5 6.e5 Ne4 7.Bxe4 dxe4 8.Bd2 Qb6
9.Nge2 f5 10.exf6 exf6 11.Nxe4 f5 12.Ng5 Qxb2 13.O-O Be7 14.Rf3 Qb6 15.Re3 c5
16.Nc3 Qd8 17.Qh5+ g6 18.Qh6 Qd7 19.Rae1  1-0

[Event "2nd League TCh-SCG"]
[Site "Belgrade SCG"]
[Date "2003.10.02"]
[Round "6"]
[White "Ninov,N"]
[Black "Ivanisevic,I"]
[Result "1/2-1/2"]
[WhiteElo "2453"]
[BlackElo "2563"]

1.e4 d6 2.d4 Nf6 3.Nc3 e5 4.dxe5 dxe5 5.Qxd8+ Kxd8 6.Bc4 Ke8 7.Nf3 Bd6 8.Ng5 Rf8
9.Nd5 Nxd5 10.Bxd5 h6 11.Nf3 Nd7 12.Nd2 Nb6 13.Bb3 Ke7 14.Nc4 Nxc4 15.Bxc4 Bc5
16.c3 Be6 17.Bxe6 Kxe6 18.Ke2 a5 19.a4 Rfd8 20.Be3 Bxe3 21.Kxe3 h5 22.Rhd1 h4
23.g3 g6 24.Rxd8 Rxd8 25.gxh4 Rh8 26.b4 axb4 27.cxb4 Rxh4 28.a5 Rh3+ 29.f3 Rxh2
30.a6 bxa6 31.Rxa6+ Kd7 32.Rf6 Rh7 33.b5  1/2-1/2

[Event "ECC"]
[Site "Rethymnon GRE"]
[Date "2003.10.02"]
[Round "5"]
[White "Lukashok,A"]
[Black "Schwarz,Mic"]
[Result "0-1"]
[WhiteElo "2390"]
[BlackElo "2409"]

1.e4 d6 2.d4 Nf6 3.Nc3 c6 4.f4 Qa5 5.Bd3 e5 6.Nf3 Bg4 7.Be3 Nbd7 8.O-O Be7
9.a3 a6 10.Kh1 Qc7 11.Qe1 Bxf3 12.Rxf3 Ng4 13.Bg1 Bf6 14.fxe5 dxe5 15.d5 c5
16.b4 c4 17.Bf1 Rc8 18.Na4 Be7 19.b5 axb5 20.Nc3 Qa5 21.Qb1 Ngf6 22.Nxb5 Nxe4
23.Na7 Rb8 24.Re3 Nd6 25.Rg3 Bf6 26.Be2 O-O 27.a4 Qxd5 28.Qd1 Qxd1 29.Rxd1 Be7
30.Nb5 Nxb5 31.Rxd7 Nd4 32.Bxd4 exd4 33.Rxe7 Rfe8 34.Rxe8+ Rxe8 35.Bf1 d3
36.Rg4 Re1 37.Kg1 dxc2 38.Rxc4  0-1

[Event "Tatry Open"]
[Site "Tatranske Zruby SVK"]
[Date "2003.10.03"]
[Round "8"]
[White "Manik,M"]
[Black "Pribyl,Jo"]
[Result "1-0"]
[WhiteElo "2471"]
[BlackElo "2393"]

1.e4 d6 2.d4 Nf6 3.Nc3 e5 4.Nge2 Nbd7 5.g3 c6 6.a4 Be7 7.Bg2 O-O 8.O-O b6
9.h3 a6 10.g4 Bb7 11.Ng3 Ne8 12.Nf5 Nc7 13.f4 b5 14.Be3 b4 15.Ne2 Re8 16.Qd2 a5
17.dxe5 dxe5 18.Rad1 Ba6 19.Rf2 Nf8 20.Qe1 Qb8 21.fxe5 Nce6 22.Nxe7+ Rxe7
23.Rd6 Ng6 24.Ng3 Nxe5 25.Nf5 Re8 26.b3 Qc7 27.Rfd2 c5 28.Qg3 Nd4 29.Bxd4 cxd4
30.R6xd4 g6 31.Nh6+ Kg7 32.g5 Bc8 33.Qf4 Qe7 34.Rf2 Ra7 35.Rd5 Qe6 36.Qe3 Rd7
37.Qd4 Ree7 38.Rf6 Rxd5 39.exd5 Qd7 40.Ng4 Nxg4 41.Rd6+ Ne5 42.Rxd7 Bxd7
43.Qc5 Re8 44.Qxa5 Rc8 45.Qxb4 Rxc2 46.Qd4 Rc1+ 47.Kh2  1-0

[Event "2nd League TCh-SCG"]
[Site "Belgrade SCG"]
[Date "2003.10.04"]
[Round "8"]
[White "Bosnic,M"]
[Black "Marinovic,B"]
[Result "0-1"]
[WhiteElo "2171"]
[BlackElo "2332"]

1.e4 d6 2.d4 Nf6 3.Nc3 e5 4.dxe5 dxe5 5.Qxd8+ Kxd8 6.Bg5 c6 7.Bc4 Ke8 8.f3 a5
9.a4 Bc5 10.Nge2 Nfd7 11.Nc1 f6 12.Bd2 Na6 13.Nd1 Nb4 14.Bb3 Ke7 15.c3 Na6
16.Ne3 g6 17.h4 Nb6 18.Nd3 Be6 19.Bxe6 Kxe6 20.b3 Rhd8 21.Ke2 Rd7 22.Rad1 Rad8
23.Bc1 h5 24.Nc2 Nc8 25.Nxc5+ Nxc5 26.Rxd7 Rxd7 27.Be3 Na6 28.Na3 b6 29.Nc4 c5
30.f4 exf4 31.Bxf4 Nc7 32.Rh3 Kf7 33.Rd3 Rxd3 34.Kxd3 Ne6 35.Nd6+ Nxd6 36.Bxd6 Ke8
37.Kc4 Kd7 38.Kd5 Nd8 39.Bf8 Ne6 40.Bd6 Nd8 41.Bg3 Ne6 42.Bh2 Nd8 43.Bd6 Ne6
44.g3 Nd8 45.b4 cxb4 46.cxb4 axb4 47.Bxb4 Ne6 48.Bd6 g5 49.hxg5 fxg5 50.Be5 h4
51.gxh4 gxh4 52.Bh2 h3 53.Bg3 Ng5 54.e5 Ne6 55.Bh2 Nc7+ 56.Kd4 Kc6 57.Kc4 Ne6
58.Kb4 Ng5 59.a5 bxa5+ 60.Kxa5 Nf3 61.Bg3 Kd5 62.Kb4 Ng5 63.Kc3 Ne4+  0-1

[Event "7th Itau Cup"]
[Site "Sao Paulo BRA"]
[Date "2003.10.05"]
[Round "9"]
[White "Limp,E"]
[Black "Galego,L"]
[Result "1/2-1/2"]
[WhiteElo "2390"]
[BlackElo "2494"]

1.d4 d6 2.e4 Nf6 3.Nc3 c6 4.a4 Qa5 5.Bd3 e5 6.Nf3 Bg4 7.dxe5 dxe5 8.h3 Bh5
9.Bd2 Bb4 10.Nb1 Bxf3 11.Qxf3 Bxd2+ 12.Nxd2 Qb4 13.Ra2 O-O 14.c3 Qe7 15.O-O Rd8
16.Nc4 Nbd7 17.b4 Nb6 18.a5 Nxc4 19.Bxc4 Rd6 20.g3 Rad8 21.Qe3 a6 22.Kg2 R6d7
23.Re1 Ne8 24.Ree2 Nd6 25.Bb3 Nb5 26.Rad2 Kf8 27.Rxd7 Qxd7 28.Qf3 Qc7 29.Re3 g6
30.Rd3 Rxd3 31.Qxd3 Kg7 32.Qe3 h5 33.h4 Nd6 34.Kf1 Ne8 35.Qd3 Nf6 36.f3 Ne8
37.Ke2 Nd6 38.Ke3 Nb5 39.Qc4 Kf8 40.Ke2 Kg7 41.Ke3 Kf8  1/2-1/2

[Event "Osen II"]
[Site "Alushta UKR"]
[Date "2003.10.06"]
[Round "14"]
[White "Pavlov,Ma"]
[Black "Drozdovskij,Y"]
[Result "0-1"]
[WhiteElo "2443"]
[BlackElo "2458"]

1.e4 d6 2.d4 Nf6 3.Nc3 Nbd7 4.f3 e5 5.Nge2 c6 6.Be3 Be7 7.Qd2 O-O 8.g4 b5
9.Ng3 b4 10.Nce2 d5 11.g5 Ne8 12.exd5 cxd5 13.Bg2 Nd6 14.b3 Bb7 15.h4 a5
16.dxe5 Nxe5 17.O-O Re8 18.f4 Ng4 19.Bd4 Ne4 20.Qd1 Bc5 21.Nxe4 Bxd4+ 22.Nxd4 dxe4
23.Qxg4 Qxd4+ 24.Kh1 Rac8 25.Rad1 Qb6 26.Rd7 Bc6 27.Re7 Rxe7 28.Qxc8+ Re8
29.Qh3 e3 30.Re1 Bxg2+ 31.Qxg2 Qc5 32.Re2 g6 33.Kh2 h5 34.Qf3 Qd4 35.Kg3 Qa1
36.Kg2 Qd1 37.Qf1 Qd4 38.Qf3 Re4 39.Kg3 Qd1 40.Kg2 Rxf4  0-1

[Event "Arctic Cup u16"]
[Site "Salekhard RUS"]
[Date "2003.10.07"]
[Round "3"]
[White "Faizrakhmanov,G"]
[Black "Drozdova,D"]
[Result "1-0"]
[WhiteElo "2248"]
[BlackElo "2189"]

1.e4 d6 2.d4 Nf6 3.Nc3 e5 4.Nge2 Nbd7 5.g3 g6 6.Bg2 Bg7 7.O-O O-O 8.h3 Ne8
9.dxe5 dxe5 10.b3 Nef6 11.Ba3 Re8 12.Qd3 Bf8 13.Bxf8 Nxf8 14.Qe3 c6 15.Na4 Qc7
16.Rad1 Ne6 17.c4 b5 18.cxb5 cxb5 19.Nac3 Qb8 20.f4 Nd7 21.f5 Nef8 22.Nd5 Bb7
23.Nec3 a6 24.Qh6 Qc8 25.b4 Qc6 26.f6 Ne6 27.Ne7+ Rxe7 28.fxe7 Qxc3 29.Rxd7 Qc6
30.e8=Q+ Rxe8 31.Rfxf7  1-0

[Event "Arctic Cup u16"]
[Site "Salekhard RUS"]
[Date "2003.10.07"]
[Round "3"]
[White "Barbitskij,A"]
[Black "Demakov,P"]
[Result "1-0"]
[WhiteElo "2276"]
[BlackElo "2198"]

1.e4 d6 2.d4 Nf6 3.Nc3 e5 4.Nf3 Nbd7 5.Bc4 Be7 6.O-O O-O 7.a4 c6 8.Bb3 Qc7
9.Re1 h6 10.Nh4 exd4 11.Qxd4 Nc5 12.Ba2 Kh8 13.Qe3 Nh7 14.Qg3 Qd8 15.Nf3 Be6
16.Bxe6 Nxe6 17.Be3 Nhg5 18.Nxg5 Nxg5 19.Rad1 Ne6 20.Ne2 Qa5 21.b3 a6 22.Nd4 Nxd4
23.Bxd4 Qg5 24.Qxg5 hxg5 25.Rd3 b5 26.Bb6 Bd8 27.Bxd8 Raxd8 28.Red1 Rfe8
29.axb5 axb5 30.Rxd6 Rxd6 31.Rxd6 Rxe4 32.Kf1 Re6 33.Rxe6 fxe6 34.Ke2 Kg8
35.Ke3 Kf7 36.Kd4 Ke7 37.Ke5 b4 38.h3 c5 39.g3 Kd7 40.f4 gxf4 41.Kxf4 Kd6
42.Ke4 e5 43.h4 c4 44.g4 cxb3 45.cxb3 Ke6 46.Kd3 Kd5 47.h5 Ke6 48.g5 Kf5
49.h6 gxh6 50.gxh6 Kg6 51.Ke4 Kxh6 52.Kxe5 Kg7 53.Kd5 Kf7 54.Kc5  1-0

[Event "Arctic Cup u16"]
[Site "Salekhard RUS"]
[Date "2003.10.08"]
[Round "5"]
[White "Tan,Kev"]
[Black "Lovkov,R"]
[Result "1/2-1/2"]
[WhiteElo "2294"]
[BlackElo "2254"]

1.e4 d6 2.d4 Nf6 3.Nc3 e5 4.Nf3 Nbd7 5.Bc4 Be7 6.O-O O-O 7.a4 c6 8.Re1 Qc7
9.h3 b6 10.Bg5 a6 11.Nh4 exd4 12.Qxd4 Ne5 13.Ba2 h6 14.Bd2 Ne8 15.Nf5 Bf6
16.Qe3 Bxf5 17.exf5 Nd7 18.Rad1 d5 19.Qf3 Rd8 20.Bf4 Qb7 21.g4 b5 22.axb5 axb5
23.Qg3 b4 24.Ne2 Nc5 25.Qe3 Ne4 26.f3 N4d6 27.Qc5 Nb5 28.Kg2 Be7 29.Qe3 Bh4
30.Ng3 Qa7 31.Qxa7 Nxa7 32.Be3 Nb5 33.Bc5 Ned6 34.Bxb4 Rfe8 35.Rxe8+ Rxe8
36.Re1 Ra8 37.Bb3 Nc4 38.Bxc4 dxc4 39.Re4 Ra2 40.Rxc4 Rxb2 41.Ne4 Kh7 42.Bd2 Na3
43.Rxc6 Nxc2 44.f4 Ne1+  1/2-1/2

[Event "Femida Open"]
[Site "Kharkov UKR"]
[Date "2003.10.09"]
[Round "2"]
[White "Chulivska,V"]
[Black "Vozovic,O"]
[Result "1-0"]
[WhiteElo "2091"]
[BlackElo "2330"]

1.e4 d6 2.d4 Nf6 3.Nc3 c6 4.Be3 Qa5 5.f3 e5 6.Bc4 b5 7.Bb3 Be7 8.Qd2 Nbd7
9.Nge2 O-O 10.O-O Qc7 11.Ng3 exd4 12.Bxd4 Nc5 13.Rad1 a5 14.a3 Nxb3 15.cxb3 Be6
16.Qc2 Rac8 17.f4 Rfd8 18.Kh1 b4 19.Nce2 Ne8 20.f5 Bd7 21.axb4 axb4 22.Nf4 Bg5
23.Qe2 Bxf4 24.Rxf4 c5 25.Be3 Bc6 26.Nh5 f6 27.Rg4 Kh8 28.Rh4 d5 29.Nf4 dxe4
30.Rxd8 Rxd8 31.Ng6+ Kg8 32.Rxh7 Nd6 33.Qh5 Nf7  1-0

[Event "Arctic Cup u16"]
[Site "Salekhard RUS"]
[Date "2003.10.09"]
[Round "6"]
[White "Michielsen,J"]
[Black "Yatsenko,A"]
[Result "1/2-1/2"]
[WhiteElo "2218"]
[BlackElo "2269"]

1.e4 d6 2.d4 Nf6 3.Nc3 e5 4.dxe5 dxe5 5.Qxd8+ Kxd8 6.Bc4 Be6 7.Bxe6 fxe6
8.Be3 Bd6 9.f3 a6 10.Nb1 Nc6 11.c3 a5 12.Nd2 Ke7 13.O-O-O h6 14.Nh3 Raf8
15.Nf2 Nh5 16.Nd3 g5 17.g4 Nf4 18.Bxf4 exf4 19.h4 b5 20.h5 Rb8 21.Kc2 a4
22.Rhe1 Be5 23.b3 axb3+ 24.axb3 b4 25.Nxb4 Rxb4 26.cxb4 Nxb4+ 27.Kc1 Ra8
28.Nb1 c5 29.Re2 Bd4 30.Kd2 Ra2+ 31.Ke1 Nc2+ 32.Kf1 Ne3+ 33.Ke1 Ra1 34.Rc1 e5
35.Kd2 Kd7 36.Kd3 Kc6 37.Rce1 c4+ 38.bxc4 Kc5 39.Rc1 Ra6 40.Nc3 Bxc3 41.Kxc3 Nxc4
42.Rb1 Ra3+ 43.Rb3 Ra1 44.Rf2 Rc1+ 45.Kd3 Rd1+ 46.Ke2 Ra1 47.Rd3 Ne3  1/2-1/2

[Event "ch-Africa"]
[Site "Abuja NGR"]
[Date "2003.10.10"]
[Round "1"]
[White "Olape,B"]
[Black "Mbambara,T"]
[Result "1/2-1/2"]
[WhiteElo "2273"]
[BlackElo "2100"]

1.e4 d6 2.d4 c6 3.Nc3 Nf6 4.Bg5 Nbd7 5.Nf3 Qa5 6.Qd2 e5 7.Bc4 b5 8.Bd3 a6
9.O-O Qc7 10.Rfe1 Be7 11.a4 b4 12.Nd1 a5 13.Ne3 h6 14.Bxf6 Nxf6 15.c3 O-O
16.Nc4 bxc3 17.bxc3 exd4 18.Nxd4 d5 19.exd5 Nxd5 20.Be4 Bg5 21.Qc2 Kh8 22.Rab1 Ba6
23.Nd2 Rad8 24.N2f3 Bf6 25.Red1 Rfe8 26.Bd3 Bb7 27.Rd2 c5 28.Nb5 Qf4 29.Re2 Bc6
30.Rxe8+ Rxe8 31.Ne1 c4 32.Bf1 Bxb5 33.Rxb5 Nxc3 34.Rxa5 Qc7 35.Ra6 Qe7 36.Nf3 Ne2+
37.Kh1 c3 38.g3 Nd4 39.Qxc3 Ne6 40.Qc6 Nd4 41.Nxd4 Bxd4 42.Ra8 Rxa8 43.Qxa8+ Kh7
44.Bd3+ g6 45.Kg2 Kg7 46.h4 h5 47.Qf3 Qc5 48.Be4 Qa7 49.Bd5 Bf6 50.Qb3 Bd4
51.Qa2 Bb6 52.Qb2+ Bd4 53.Qc2 Bf6 54.Qc6 Bd4 55.Qe8 Bc3 56.Qa8 Qxa8 57.Bxa8 f5
58.Kf3 Kf6 59.Bc6 Ba5 60.Be8 Bb6 61.Ke2 Ba5 62.Kf3 Bb6 63.Kg2 Ba5 64.f3 Be1
65.f4 Ba5 66.Kf2 Bb4 67.Ke2 Ba5 68.Ke3 Be1  1/2-1/2

[Event "Arctic Cup u16"]
[Site "Salekhard RUS"]
[Date "2003.10.10"]
[Round "8"]
[White "Polonsky,P"]
[Black "Drozdova,D"]
[Result "0-1"]
[WhiteElo "2131"]
[BlackElo "2189"]

1.e4 d6 2.d4 Nf6 3.Nc3 e5 4.dxe5 dxe5 5.Qxd8+ Kxd8 6.Bd2 Be6 7.O-O-O Nbd7
8.Bg5 Bd6 9.Nf3 Ke7 10.Be2 h6 11.Bh4 a6 12.Nd2 b5 13.f3 Rhb8 14.Bf2 Bb4 15.Ndb1 Ne8
16.a3 Bd6 17.g4 c6 18.h4 a5 19.Bd3 a4 20.Kd2 b4 21.Ne2 c5 22.Ng3 g6 23.h5 c4
24.Be2 c3+ 25.bxc3 bxa3 26.Ke1 Rb2 27.Be3 g5 28.Kf2 Rxc2 29.Rd2 a2  0-1

[Event "EuTCh"]
[Site "Plovdiv BUL"]
[Date "2003.10.11"]
[Round "1"]
[White "Van Beers,E"]
[Black "Varga,Zo"]
[Result "0-1"]
[WhiteElo "2431"]
[BlackElo "2558"]

1.e4 d6 2.d4 Nf6 3.Nc3 e5 4.Nf3 Nbd7 5.Bc4 Be7 6.O-O O-O 7.Re1 c6 8.a4 h6
9.h3 exd4 10.Nxd4 Ne5 11.Bb3 Re8 12.Be3 Bf8 13.Qe2 Qc7 14.Rad1 a6 15.Nf3 Ng6
16.Nd2 b5 17.axb5 axb5 18.Qf3 Qe7 19.Qg3 Be6 20.Bxe6 Qxe6 21.f3 b4 22.Ne2 c5
23.Nc1 d5 24.exd5 Qxd5 25.Qf2 c4 26.Ne4 Qc6 27.Nxf6+ Qxf6 28.Bd4 Qg5 29.Ne2 Rad8
30.c3 b3 31.Be3 Qf6 32.Rxd8 Rxd8 33.Bd4 Qc6 34.f4 f5 35.Ng3 Qd5 36.Qe3 Rd7
37.Nh5 Re7 38.Qg3 Rxe1+ 39.Qxe1 Qe4 40.Qxe4 fxe4 41.Be3 Ne7 42.Ng3 Nd5 43.Bc1 Bc5+
44.Kf1 Be3 45.Bxe3 Nxe3+ 46.Ke2 Nxg2 47.Nxe4 Nxf4+ 48.Kd2 Nd3 49.Nd6 Nxb2
50.Kc1 Nd3+ 51.Kd2 Ne5  0-1

[Event "EuTCh w"]
[Site "Plovdiv BUL"]
[Date "2003.10.11"]
[Round "1"]
[White "Micic,J"]
[Black "Agrest,S"]
[Result "1-0"]
[WhiteElo "2319"]
[BlackElo "2245"]

1.e4 d6 2.d4 Nf6 3.Nc3 e5 4.Nge2 Nbd7 5.g3 Be7 6.Bg2 O-O 7.O-O c6 8.a4 Re8
9.h3 Bf8 10.Be3 Qa5 11.g4 exd4 12.Bxd4 c5 13.Be3 Ne5 14.g5 Nh5 15.Nd5 Qd8
16.Nec3 g6 17.Nb5 Nc4 18.Nbc7 Nxe3 19.fxe3 Re5 20.Nxa8 Rxg5 21.Qf3 f5 22.Nac7 Rg3
23.Qf2 Qh4 24.Nf4 Nxf4 25.Qxf4 Qxh3 26.Qf2 Bg7 27.Nd5 Be5 28.Nf4 Bxf4 29.exf4 fxe4
30.Qe2 d5 31.Ra3 e3 32.Rf3 d4 33.Ra1 Bg4 34.Raf1 Kg7 35.Rxg3 Qxg3 36.Qe1 Qxe1
37.Rxe1 c4  1-0

[Event "EuTCh"]
[Site "Plovdiv BUL"]
[Date "2003.10.11"]
[Round "1"]
[White "Stevic,H"]
[Black "Papatryfonos,C"]
[Result "1-0"]
[WhiteElo "2555"]
[BlackElo "2111"]

1.e4 d6 2.d4 Nf6 3.Nc3 c6 4.f4 Qa5 5.Bd3 e5 6.Nf3 Bg4 7.Be3 Nbd7 8.O-O Be7
9.Qe1 Bxf3 10.Rxf3 Ng4 11.Bd2 Qb6 12.Ne2 c5 13.Ba5 Qc6 14.h3 Ngf6 15.fxe5 dxe5
16.d5 Qc8 17.c4 O-O 18.Ng3 g6 19.Bd2 Ne8 20.Bh6 Ng7 21.Nf5 Nxf5 22.exf5 Re8
23.fxg6 hxg6 24.Qg3 Bf8 25.Rxf7 Kxf7 26.Qxg6+  1-0

[Event "EuTCh"]
[Site "Plovdiv BUL"]
[Date "2003.10.11"]
[Round "1"]
[White "Azarov,S"]
[Black "Sakalauskas,V"]
[Result "0-1"]
[WhiteElo "2542"]
[BlackElo "2423"]

1.e4 d6 2.d4 Nf6 3.Nc3 c6 4.Nf3 Bg4 5.h3 Bh5 6.Bd3 e6 7.Bg5 Be7 8.g4 Bg6
9.Bxf6 Bxf6 10.h4 d5 11.Qe2 Qa5 12.O-O-O Nd7 13.Kb1 O-O-O 14.h5 Bxe4 15.Bxe4 dxe4
16.Nxe4 Be7 17.c4 Rhe8 18.g5 f5 19.gxf6 gxf6 20.Ka1 Bf8 21.Qe3 Qc7 22.Rhg1 Kb8
23.c5 f5 24.Neg5 Bh6 25.Qb3 Nf8 26.Ne5 Bxg5 27.Rxg5 Nd7 28.Nc4 Nf6 29.Nd6 Re7
30.Qe3 Ne8 31.Nxe8 Rdxe8 32.f4 a6 33.a3 Rd8 34.Rdg1 Ka7 35.Rg8 Qd7 36.Qb3 Rxg8
37.Rxg8 Re8 38.Rxe8 Qxe8 39.h6 Qg8 40.a4 Qg1+ 41.Ka2 Qxd4 42.Qxe6 Qxa4+ 43.Kb1 Qxf4
44.Qf6 Qe4+ 45.Kc1 f4 46.Qf8 Qc4+ 47.Kb1 Qf1+ 48.Ka2 f3 49.Ka3 Qe2 50.Qd8 Qe3+
51.Kb4 Qf4+ 52.Ka5 Qb8 53.Qf6 Qg3 54.Qd8 Qb8 55.Qf6 Qc7+ 56.Ka4 Qd7 57.Qxf3 Qd4+
58.b4 a5 59.Qb3  0-1

[Event "EuTCh w"]
[Site "Plovdiv BUL"]
[Date "2003.10.11"]
[Round "1"]
[White "Krivec,J"]
[Black "Voiska,M"]
[Result "1/2-1/2"]
[WhiteElo "2313"]
[BlackElo "2368"]

1.e4 d6 2.d4 Nf6 3.Nc3 e5 4.Nf3 Nbd7 5.Bc4 Be7 6.O-O O-O 7.Re1 c6 8.a4 a5
9.Ba2 exd4 10.Qxd4 Ng4 11.h3 Nge5 12.Nh2 Nc5 13.Bf4 Bf6 14.Qe3 Be6 15.Bxe6 Nxe6
16.Bxe5 Bxe5 17.Rad1 Bf4 18.Qe2 Qb6 19.b3 Qc5 20.Qf3 Be5 21.Rd3 f5 22.exf5 Rxf5
23.Ne4 Bxh2+ 24.Kxh2 Qe5+ 25.Qg3 Nc5 26.Nxd6 Qxg3+ 27.Rxg3 Rf6 28.Re7 Rxd6
29.Rgxg7+ Kf8 30.Rgf7+ Kg8 31.Rg7+  1/2-1/2

[Event "EuTCh"]
[Site "Plovdiv BUL"]
[Date "2003.10.11"]
[Round "1"]
[White "Atakisi,U"]
[Black "Georgiev,Vl"]
[Result "1/2-1/2"]
[WhiteElo "2311"]
[BlackElo "2596"]

1.e4 d6 2.d4 Nf6 3.Nc3 e5 4.Nf3 Nbd7 5.Bc4 Be7 6.O-O O-O 7.Re1 c6 8.a4 b6
9.h3 a6 10.Ba2 Rb8 11.Nh4 exd4 12.Qxd4 Ne5 13.Nf5 Bxf5 14.exf5 b5 15.Bf4 c5
16.Qd1 c4 17.axb5 axb5 18.Bxe5 dxe5 19.Rxe5 b4 20.Nd5 Nxd5 21.Rxd5 Qc8 22.Qe2 b3
23.Qxe7 Ra8 24.cxb3 cxb3 25.Qg5 h6 26.Qd2 Qa6 27.Rd6 Qa5 28.Qxa5 Rxa5 29.Rd3 Rb8
30.g4 h5 31.Kg2 bxa2  1/2-1/2

[Event "EuTCh"]
[Site "Plovdiv BUL"]
[Date "2003.10.12"]
[Round "2"]
[White "Luther,T"]
[Black "Mitkov,N"]
[Result "1/2-1/2"]
[WhiteElo "2580"]
[BlackElo "2530"]

1.e4 d6 2.d4 Nf6 3.Nc3 e5 4.Nf3 Nbd7 5.Bc4 Be7 6.O-O O-O 7.a4 c6 8.Re1 a5
9.h3 exd4 10.Qxd4 Nc5 11.Bf4 Be6 12.Rad1 Qb6 13.b3 Bxc4 14.Qxc4 Qb4 15.Nd2 Rfe8
16.e5 dxe5 17.Bxe5 Nfd7 18.Bg3 Nb6 19.Qxb4 axb4 20.Nce4 Ne6 21.Nd6 Bxd6 22.Bxd6 Nd5
23.Ne4 f6 24.Bg3 Nc3 25.Nd6 Nxd1 26.Nxe8 Rxe8 27.Rxd1 Kf7 28.Kf1 c5 29.f3 Nd4
30.Rd2 Ne6 31.Bf2  1/2-1/2

[Event "HSK IM"]
[Site "Hamburg GER"]
[Date "2003.10.13"]
[Round "1"]
[White "Langrock,H"]
[Black "Lindinger,M"]
[Result "1/2-1/2"]
[WhiteElo "2336"]
[BlackElo "2358"]

1.e4 d6 2.d4 Nf6 3.Nc3 e5 4.Nf3 Nbd7 5.Bc4 Be7 6.O-O O-O 7.Re1 c6 8.a4 b6
9.h3 Bb7 10.Ba2 a6 11.dxe5 dxe5 12.Nh4 Ne8 13.Nf5 Bf6 14.Qg4 Kh8 15.Rd1 Bc8
16.Qh5 g6 17.Qh6 Ng7 18.Nd6 Qe7 19.b4 Ne6 20.Qd2 Nd4 21.Nxc8 Rfxc8 22.Ne2 Nf8
23.c3 Bg5 24.Qd3 Nxe2+ 25.Qxe2 Bxc1 26.Raxc1 Ne6 27.Qe3 b5 28.a5 Kg7 29.g3 Rab8
30.Kg2 Rc7 31.Rd2 c5 32.Bxe6 fxe6 33.bxc5 Qxc5 34.Rd7+ Kg8 35.Rxc7 Qxc7 36.Rd1 Rc8
37.Qg5 Kg7 38.Rd3 Rf8 39.Qd2 Qc6 40.f3 Rf7 41.Rd6 Qc4 42.Rd7  1/2-1/2

[Event "EuTCh w"]
[Site "Plovdiv BUL"]
[Date "2003.10.13"]
[Round "3"]
[White "Danielian,E"]
[Black "Klinova,M"]
[Result "1-0"]
[WhiteElo "2400"]
[BlackElo "2378"]

1.d4 d6 2.e4 Nf6 3.Nc3 e5 4.Nf3 Nc6 5.dxe5 Nxe5 6.Nd4 Be7 7.Be2 O-O 8.O-O Re8
9.f4 Nc6 10.Be3 Bd7 11.Bf3 Nxd4 12.Bxd4 Bc6 13.Qd3 Nd7 14.b4 a6 15.a4 Nf8
16.b5 Bd7 17.Nd5 Ne6 18.Be3 axb5 19.axb5 Rxa1 20.Rxa1 Nc5 21.Bxc5 dxc5 22.e5 Bf8
23.Rd1 Qc8 24.Ne3 Be6 25.c4 g6 26.g4 Bh6 27.g5 Bg7 28.Bd5 h6 29.h4 c6 30.Bxe6 Qxe6
31.Qd7 hxg5 32.hxg5 cxb5 33.Qxe6 fxe6 34.cxb5 Rf8 35.Ng2 c4 36.Rd7 Rc8 37.b6 Rc6
38.Rxb7 Bf8 39.Rc7 Rxb6 40.Rxc4 Rb4 41.Rc7 Rb5 42.Nh4 Rc5 43.Rb7 Rc4 44.Nxg6 Bc5+
45.Kg2 Be3 46.Kf3 Bc1 47.Kg4 Ra4 48.Re7 Ra6 49.Kh5 Ba3 50.Rb7 Ra4 51.Kh6 Rc4
52.Rg7+  1-0

[Event "EuTCh w"]
[Site "Plovdiv BUL"]
[Date "2003.10.13"]
[Round "3"]
[White "Gaponenko,I"]
[Black "Georgieva,Li"]
[Result "1-0"]
[WhiteElo "2409"]
[BlackElo "2252"]

1.e4 d6 2.d4 Nf6 3.Nc3 e5 4.Nf3 Nbd7 5.Bc4 Be7 6.O-O O-O 7.a4 c6 8.Ba2 b6
9.Qe2 a6 10.Rd1 Qc7 11.d5 c5 12.Bc4 Re8 13.Bd2 Bf8 14.Ne1 Bb7 15.Rdb1 Rec8
16.g3 g6 17.Nd1 Bg7 18.Ng2 Ne8 19.Nc3 Nef6 20.Rf1 Re8 21.Rab1 Rec8 22.b3 Nf8
23.Bd3 N8d7 24.Ne3 Re8 25.f3 Bh6 26.Kg2 Qb8 27.b4 Qc7 28.Nc4 Bxd2 29.Qxd2 Rab8
30.bxc5 bxc5 31.a5 Kg7 32.Rb3 Ba8 33.Rfb1 Rxb3 34.Rxb3 Rb8 35.Ra3 Bb7 36.Na4 Ra8
37.Rb3 Rb8 38.Qc1 Ne8 39.Qb2 Ba8 40.Nab6 Qa7 41.Nxd7 Rxb3 42.Qxb3 Qxd7 43.Nb6 Qa7
44.Nxa8 c4 45.Qxc4 Qxa8 46.Qxa6 Qd8 47.h4 g5 48.Qb6 Qe7 49.h5 g4 50.fxg4 Qg5
51.a6 Nf6 52.a7 Nxg4 53.a8=Q Qd2+ 54.Kh3 Ne3 55.h6+ Kxh6 56.Qxd6+ Kh5 57.Qxe5+  1-0